00598nam a22001817a 4500003000900000008004100009040007100050082002100121100002500142245004300167260005400210300002900264505005200293650001600345650001000361650001700371710002800388AR-CdUCM190226b           ||||| |||| 00| 0 spa d  aMUNICIPALIDAD PROVINCIAL DEL CUSCOcBIBLIOTECA MUNICIPAL DEL CUSCO  aC / 301.9 /bG26  aUriel Garcia, José  aEl nuevo Indio /cUriel Garcia, José  aCusco - Perú:bMunicipalidad del Cusco ,c1986.  a174 páginas :c20.5 cm  aIndigenismo -- Cusqueñismo -- Uriel Garcia...  aIndigenismo  aCusco  aNacionalismo  aMunicipalidad del Cusco